00687nam a22001817a 450000500170000001000150001702000250003203500140005703700090007108200080008010000330008824501590012126000560028027000940033630000240043050000180045470000330047220250120151816.0 aENG-143442 c69.00a9789383882298 aEN-126974 bDBAD a270 aAhmad, Hadhrat Mirza Ghulam  aBarahin-e-Ahmadiyya Parts I & II ;cArguments in Support of the Holy Quran and the Prophethood of the Holy Prophet Muhammad/bAhmad, Hadhrat Mirza Ghulam  bIslam International publications Ltd.c2014aPunjab aNazarat nashar-o-isha' at, sadr Anjuman Ahmadiyya qadian Distt gurdaspur bPunjabe143516 a149 p.c25 cm (pbk) aRilision book aAhmad, Hadhrat Mirza Ghulam